[Event "Plateliai Plunge op-A 42nd"]
[Site "Plateliai"]
[Date "2023.07.20"]
[Round "5"]
[White "Griksaite, Leva"]
[Black "Rupsys, Rimantas"]
[Result "0-1"]
[WhiteElo "1459"]
[BlackElo "1866"]
[PlyCount "92"]
[EventDate "2023.07.17"]
[EventType "swiss"]
[EventRounds "9"]
[EventCountry "LTU"]
[SourceTitle "CBM 215 Extra"]
[Source "ChessBase"]
[SourceDate "2023.09.30"]
[SourceVersion "1"]
[SourceVersionDate "2023.09.30"]
[SourceQuality "1"]

1. e4 c6 2. d4 d5 3. f3 g6 4. Nc3 Bg7 5. exd5 cxd5 6. Bb5+ Nc6 7. Nge2 a6 8. Ba4 e6 9. Bf4 Nge7 10. Qd2 Nf5 11. Be3 Nxe3 12. Qxe3 b5 13. Bb3 Bxd4 14. Nxd4 Qh4+ 15. g3 Qxd4 16. Nxd5 0-0 17. c3 Qxe3+ 18. Nxe3 Ne5 19. 0-0 Bb7 20. Bd1 Rfd8 21. f4 Rd3 22. Nc2 Nc4 23. Ne1 Rd2 24. Rf2 Rad8 25. Bc2 Nxb2 26. Rb1 Nc4 27. a4 Rxf2 28. Kxf2 Rd2+ 29. Kg1 Na3 30. Rc1 Nxc2 31. Rxc2 Rxc2 32. Nxc2 bxa4 33. Kf2 f6 34. Ke3 e5 35. c4 Kf7 36. Na3 Ke6 37. Kd3 Kd6 38. h4 Kc5 39. Nc2 Bc8 40. Kc3 a5 41. Ne1 Bf5 42. Nf3 e4 43. Nd4 e3 44. Ne2 a3 45. Kb3 a2 46. Kxa2 Kxc4 0-1

[Event "Plateliai Plunge op-A 42nd"]
[Site "Plateliai"]
[Date "2023.07.18"]
[Round "3"]
[White "Griksaite, Leva"]
[Black "Narmontas, Algirdas"]
[Result "1-0"]
[WhiteElo "1459"]
[BlackElo "1308"]
[PlyCount "65"]
[EventDate "2023.07.17"]
[EventType "swiss"]
[EventRounds "9"]
[EventCountry "LTU"]
[SourceTitle "CBM 215 Extra"]
[Source "ChessBase"]
[SourceDate "2023.09.30"]
[SourceVersion "1"]
[SourceVersionDate "2023.09.30"]
[SourceQuality "1"]

1. e4 d6 2. Nc3 c6 3. Bc4 Nf6 4. d3 Be6 5. Bxe6 fxe6 6. f4 h5 7. Nf3 Qb6 8. Qe2 Na6 9. e5 Nd5 10. exd6 exd6 11. Nxd5 cxd5 12. Qxe6+ Be7 13. Qxd5 Nb4 14. Qc4 d5 15. Qc3 0-0 16. Qd2 Rac8 17. c3 Bd6 18. g3 Qb5 19. 0-0 Nxd3 20. Rd1 Qb6+ 21. Kg2 Bxf4 22. Qxd3 Bxc1 23. Qxd5+ Rf7 24. Raxc1 Qxb2+ 25. Qd2 Qb5 26. Rf1 Qc6 27. c4 Qe4 28. Qd5 Qxd5 29. cxd5 Rd8 30. Rfd1 Rfd7 31. Ng5 g6 32. Ne6 Re8 33. Kf3 1-0

[Event "LTU-ch sf"]
[Site "Vilnius"]
[Date "2023.04.16"]
[Round "9"]
[White "Viliamas, Dovydas"]
[Black "Griksaite, Leva"]
[Result "1-0"]
[WhiteElo "1588"]
[BlackElo "1438"]
[PlyCount "77"]
[EventDate "2023.04.11"]
[EventType "swiss"]
[EventRounds "9"]
[EventCountry "LTU"]
[SourceTitle "CBM 213 Extra"]
[Source "ChessBase"]
[SourceDate "2023.05.31"]
[SourceVersion "1"]
[SourceVersionDate "2023.05.31"]
[SourceQuality "1"]

1. d4 Nf6 2. Bg5 c5 3. d5 Qb6 4. Bc1 g6 5. Nc3 Bg7 6. f3 0-0 7. e4 d6 8. Bc4 Re8 9. Nge2 e5 10. 0-0 a6 11. a4 Qd8 12. Rb1 Nbd7 13. Qd3 h6 14. Be3 Kh7 15. b4 b6 16. bxc5 Nxc5 17. Bxc5 bxc5 18. Nc1 Nh5 19. Nb3 Nf4 20. Qd2 Qg5 21. Kh1 Qd8 22. a5 Bd7 23. g3 Nh5 24. Qe2 Qc8 25. Bd3 f5 26. Nd2 Qc7 27. Nc4 Ra7 28. Nb6 Bc8 29. Nxc8 Qxc8 30. Bc4 Qc7 31. Rb6 Rea8 32. Bxa6 f4 33. g4 Nf6 34. Nb5 Qe7 35. Nxa7 Rxa7 36. Qb5 Ne8 37. Rb7 Rxb7 38. Qxb7 Qxb7 39. Bxb7 1-0

[Event "LTU-ch sf"]
[Site "Vilnius"]
[Date "2023.04.14"]
[Round "7"]
[White "Vazgauskas, Povilas"]
[Black "Griksaite, Leva"]
[Result "0-1"]
[WhiteElo "1422"]
[BlackElo "1438"]
[PlyCount "78"]
[EventDate "2023.04.11"]
[EventType "swiss"]
[EventRounds "9"]
[EventCountry "LTU"]
[SourceTitle "CBM 213 Extra"]
[Source "ChessBase"]
[SourceDate "2023.05.31"]
[SourceVersion "1"]
[SourceVersionDate "2023.05.31"]
[SourceQuality "1"]

1. e4 c5 2. Nf3 Nc6 3. Bb5 e5 4. Bxc6 dxc6 5. d3 Bd6 6. Nbd2 Bg4 7. Nc4 Ne7 8. Ne3 f5 9. Nxg4 fxg4 10. Nd2 Qd7 11. Nc4 h5 12. Bg5 0-0-0 13. g3 Rdf8 14. a4 Ng6 15. a5 h4 16. Nxd6+ Qxd6 17. Qxg4+ Kb8 18. Ke2 Qd4 19. Be3 Qd6 20. a6 b6 21. Rag1 hxg3 22. Rxg3 Rf6 23. h4 Rhf8 24. h5 Nf4+ 25. Kd2 c4 26. Qxg7 R6f7 27. h6 Qb4+ 28. Kc1 Rxg7 29. Rxg7 c3 30. b3 Nxd3+ 31. cxd3 Qa3+ 32. Kd1 Qxb3+ 33. Kc1 Qb2+ 34. Kd1 Qb1+ 35. Bc1 Qxd3+ 36. Ke1 Qxe4+ 37. Be3 Qxh1+ 38. Ke2 c2 39. h7 Qd1# 0-1

[Event "LTU-ch sf"]
[Site "Vilnius"]
[Date "2023.04.13"]
[Round "4"]
[White "Griksaite, Leva"]
[Black "Kraucenka, Justas"]
[Result "1/2-1/2"]
[WhiteElo "1438"]
[BlackElo "1079"]
[PlyCount "97"]
[EventDate "2023.04.11"]
[EventType "swiss"]
[EventRounds "9"]
[EventCountry "LTU"]
[SourceTitle "CBM 213 Extra"]
[Source "ChessBase"]
[SourceDate "2023.05.31"]
[SourceVersion "1"]
[SourceVersionDate "2023.05.31"]
[SourceQuality "1"]

1. e4 e5 2. Nc3 Nf6 3. g3 Nc6 4. Bg2 Bc5 5. Nge2 d6 6. 0-0 0-0 7. h3 Be6 8. Kh2 d5 9. exd5 Nxd5 10. d3 Nd4 11. Be3 Nxe3 12. fxe3 Nxe2 13. Qxe2 c6 14. Rad1 Qb6 15. Na4 Qb4 16. Nxc5 Qxc5 17. a3 Qb6 18. c3 Qb3 19. Rf2 Rad8 20. Rd2 Rd7 21. Qh5 f6 22. Be4 g6 23. Qh4 f5 24. Bf3 Rfd8 25. Bd1 Qb5 26. d4 exd4 27. exd4 c5 28. Rde2 Bf7 29. Re5 Rd5 30. Bf3 Rxe5 31. Qxd8+ Re8 32. Qd6 cxd4 33. Qxd4 b6 34. a4 Qe5 35. Rd2 Kf8 36. Kg2 Qxd4 37. Rxd4 Ke7 38. Kf2 Rd8 39. Ke3 Rxd4 40. Kxd4 Kd6 41. c4 a5 42. h4 h6 43. Bb7 g5 44. hxg5 hxg5 45. Bf3 Be6 46. Be2 Bd7 47. b3 Be6 48. Bf3 Bd7 49. Be2 1/2-1/2

[Event "LTU-ch sf"]
[Site "Vilnius"]
[Date "2023.04.13"]
[Round "5"]
[White "Kungys, Deivis"]
[Black "Griksaite, Leva"]
[Result "1-0"]
[WhiteElo "1208"]
[BlackElo "1438"]
[PlyCount "61"]
[EventDate "2023.04.11"]
[EventType "swiss"]
[EventRounds "9"]
[EventCountry "LTU"]
[SourceTitle "CBM 213 Extra"]
[Source "ChessBase"]
[SourceDate "2023.05.31"]
[SourceVersion "1"]
[SourceVersionDate "2023.05.31"]
[SourceQuality "1"]

1. e3 e5 2. c4 Nc6 3. Nc3 Bb4 4. Nge2 Bxc3 5. Nxc3 d6 6. g3 f5 7. Bg2 Nf6 8. d3 0-0 9. e4 fxe4 10. Nxe4 Nxe4 11. Bxe4 Qf6 12. Be3 Nd4 13. Bxd4 exd4 14. Qd2 Rb8 15. h3 Bf5 16. f3 Bxe4 17. fxe4 Qf3 18. Rg1 Rf6 19. Qe2 Rbf8 20. Qxf3 Rxf3 21. 0-0-0 Rf2 22. Rd2 Rf1+ 23. Rxf1 Rxf1+ 24. Kc2 Rg1 25. g4 Rh1 26. Rg2 Rxh3 27. a4 Rf3 28. b4 Kf7 29. a5 Rf1 30. Rg3 Rb1 31. Kxb1 1-0

[Event "LTU-ch Rapid"]
[Site "Taujenai"]
[Date "2022.12.04"]
[Round "10"]
[White "Griksaite, Leva"]
[Black "Simonis, Karolis"]
[Result "1/2-1/2"]
[WhiteElo "1594"]
[BlackElo "1975"]
[PlyCount "89"]
[EventDate "2022.12.03"]
[EventType "swiss (rapid)"]
[EventRounds "10"]
[EventCountry "LTU"]
[SourceTitle "CBM 211 Extra"]
[Source "ChessBase"]
[SourceDate "2023.01.31"]
[SourceVersion "1"]
[SourceVersionDate "2023.01.31"]
[SourceQuality "1"]

1. e4 g6 2. Nc3 Bg7 3. g3 d6 4. Bg2 Nf6 5. Nge2 0-0 6. 0-0 Nc6 7. d3 e5 8. f4 exf4 9. Nxf4 Nd4 10. h3 Nd7 11. Nce2 c6 12. c3 Nxe2+ 13. Qxe2 Nc5 14. Be3 Ne6 15. Qd2 Qe7 16. Nxe6 Bxe6 17. Bh6 Rab8 18. Rae1 Qc7 19. Bxg7 Kxg7 20. Kh2 b5 21. a3 a5 22. Qg5 Qd8 23. Qf4 b4 24. axb4 axb4 25. c4 Ra8 26. e5 d5 27. cxd5 Bxd5 28. Qxb4 Bxg2 29. Kxg2 Qd5+ 30. Qe4 Rab8 31. Rf2 Rb3 32. Qxd5 cxd5 33. Re3 Rfb8 34. Ref3 R8b7 35. g4 R3b4 36. Kg3 h6 37. Kg2 Rb3 38. Kg3 R3b4 39. Rf4 Rb3 40. Rd4 R7b5 41. h4 Kg8 42. Kh3 Kg7 43. Kg3 Kg8 44. Kh3 Kg7 45. Kg3 1/2-1/2

[Event "Panevezys op-B"]
[Site "Panevezys"]
[Date "2022.07.01"]
[Round "1"]
[White "Griksaite, Leva"]
[Black "Maklakova, Nellija"]
[Result "0-1"]
[WhiteElo "1376"]
[BlackElo "1819"]
[PlyCount "58"]
[EventDate "2022.07.01"]
[EventType "swiss"]
[EventRounds "7"]
[EventCountry "LTU"]
[SourceTitle "EXT 2023"]
[Source "ChessBase"]
[SourceDate "2022.10.05"]
[SourceVersion "1"]
[SourceVersionDate "2022.10.05"]
[SourceQuality "1"]

1. e4 e6 2. d4 d5 3. exd5 exd5 4. Bd3 Nf6 5. Bf4 Bd6 6. Ne2 Bg4 7. f3 Be6 8. 0-0 Nc6 9. c3 h6 10. Qd2 Nh5 11. Re1 g5 12. Bxd6 Qxd6 13. Na3 0-0-0 14. Nb5 Qf8 15. a4 f5 16. Ng3 Ng7 17. b4 f4 18. Nf1 g4 19. Be2 h5 20. a5 Qf6 21. a6 b6 22. Bd1 Rdg8 23. c4 dxc4 24. d5 Rd8 25. Nc3 Bxd5 26. b5 Bxf3 27. Qb2 Bxd1 28. Raxd1 Nd4 29. Ne4 Nf3+ 0-1

[Event "LTU-ch sf"]
[Site "Vilnius"]
[Date "2022.04.08"]
[Round "1"]
[White "Griksaite, Leva"]
[Black "Bazilius, Augustinas"]
[Result "0-1"]
[WhiteElo "1402"]
[BlackElo "1963"]
[PlyCount "88"]
[EventDate "2022.04.08"]
[EventType "swiss"]
[EventRounds "9"]
[EventCountry "LTU"]
[SourceTitle "CBM 207 Extra"]
[Source "ChessBase"]
[SourceDate "2022.05.31"]
[SourceVersion "1"]
[SourceVersionDate "2022.05.31"]
[SourceQuality "1"]

1. e4 c5 2. Nc3 a6 3. g3 b5 4. Bg2 Bb7 5. d3 d6 6. Nh3 e6 7. 0-0 Nf6 8. f4 Nbd7 9. g4 Nb6 10. g5 Nfd7 11. f5 Qe7 12. fxe6 fxe6 13. a4 b4 14. Ne2 a5 15. Nef4 0-0-0 16. Qg4 Re8 17. g6 Ne5 18. Qg3 h6 19. c3 Qd7 20. cxb4 cxb4 21. b3 Be7 22. Be3 Na8 23. Rac1+ Kb8 24. d4 Nc6 25. d5 exd5 26. exd5 Ne5 27. Bd4 Bf6 28. Ne6 Rc8 29. Qe3 Ba6 30. Rfd1 Rxc1 31. Rxc1 Rc8 32. Rxc8+ Qxc8 33. Nf2 Qc2 34. h3 Qxg6 35. Bb6 Nf3+ 36. Qxf3 Qb1+ 37. Nd1 Nxb6 38. Bf1 Qg6+ 39. Bg2 Qd3 40. Nf4 Bd4+ 41. Kh1 Qd2 42. h4 Qe1+ 43. Kh2 Qxh4+ 44. Bh3 Be5 0-1

[Event "Taujenai Manor Cup"]
[Site "Taujenai"]
[Date "2021.11.28"]
[Round "6"]
[White "Paliulis, Aivaras"]
[Black "Griksaite, Leva"]
[Result "0-1"]
[WhiteElo "1714"]
[BlackElo "1518"]
[PlyCount "38"]
[EventDate "2021.11.27"]
[EventType "swiss (rapid)"]
[EventRounds "9"]
[EventCountry "LTU"]
[SourceTitle "EXT 2023"]
[Source "ChessBase"]
[SourceDate "2022.10.05"]
[SourceVersion "1"]
[SourceVersionDate "2022.10.05"]
[SourceQuality "1"]

1. e4 c5 2. Nc3 Nc6 3. g3 g6 4. Bg2 Bg7 5. d3 d6 6. Be3 Nf6 7. f3 0-0 8. Qd2 Rb8 9. Bh6 b5 10. h4 Nd4 11. Nd1 Bxh6 12. Qxh6 Nxc2+ 13. Kd2 Nxa1 14. g4 Qa5+ 15. Nc3 b4 16. Nd5 b3+ 17. Ke3 Nxd5+ 18. exd5 Qe1+ 19. Kf4 Qe5# 0-1

[Event "Panevezys op-B"]
[Site "Panevezys"]
[Date "2021.08.01"]
[Round "7"]
[White "Griksaite, Leva"]
[Black "Golsta, Ramona"]
[Result "1/2-1/2"]
[WhiteElo "1324"]
[BlackElo "1704"]
[PlyCount "49"]
[EventDate "2021.07.30"]
[EventType "swiss"]
[EventRounds "7"]
[EventCountry "LTU"]
[SourceTitle "EXT 2022"]
[Source "ChessBase"]
[SourceDate "2021.10.06"]
[SourceVersion "1"]
[SourceVersionDate "2021.10.06"]
[SourceQuality "1"]

1. d4 d5 2. c3 Nf6 3. Bg5 e6 4. e3 Be7 5. Nd2 0-0 6. Bxf6 Bxf6 7. f4 Nc6 8. Ngf3 Ne7 9. Bd3 Ng6 10. Ne5 Bxe5 11. fxe5 Qg5 12. Qe2 f6 13. exf6 Rxf6 14. 0-0-0 Nh4 15. Rdf1 Bd7 16. g3 Nf5 17. e4 Ne7 18. h4 Rxf1+ 19. Rxf1 Qxg3 20. exd5 Nxd5 21. Bxh7+ Kxh7 22. Qh5+ Kg8 23. Qf7+ Kh8 24. Qh5+ Kg8 25. Qf7+ 1/2-1/2

[Event "Wch FIDE Online U14 Girls Europe qual"]
[Site "Tornelo INT"]
[Date "2020.12.09"]
[Round "6"]
[White "Aydin, Gulenay"]
[Black "Griksaite, Leva"]
[Result "1-0"]
[WhiteElo "1975"]
[BlackElo "1581"]
[PlyCount "53"]
[EventDate "2020.12.07"]
[EventType "swiss (rapid)"]
[EventRounds "7"]
[EventCountry "ISS"]
[SourceTitle "EXT 2022"]
[Source "ChessBase"]
[SourceDate "2021.10.06"]
[SourceVersion "1"]
[SourceVersionDate "2021.10.06"]
[SourceQuality "1"]

1. e4 c5 2. Nf3 Nc6 3. Bb5 g6 4. 0-0 Bg7 5. Re1 e6 6. c3 Nge7 7. d4 cxd4 8. cxd4 Qb6 9. Bxc6 dxc6 10. Bg5 f6 11. Be3 Qxb2 12. Nbd2 0-0 13. Nc4 Qb4 14. Rc1 b5 15. Ncd2 f5 16. d5 Rd8 17. Bc5 Qa5 18. Bxe7 Rd7 19. d6 Bb7 20. exf5 exf5 21. Qb3+ Kh8 22. Ng5 h6 23. Nf7+ Kh7 24. Nf3 Re8 25. N7e5 Bxe5 26. Qf7+ Bg7 27. Qxe8 1-0

[Event "Wch FIDE Online U14 Girls Europe qual"]
[Site "Tornelo INT"]
[Date "2020.12.08"]
[Round "3"]
[White "Griksaite, Leva"]
[Black "Sheikh, Anum"]
[Result "0-1"]
[WhiteElo "1581"]
[BlackElo "1709"]
[PlyCount "106"]
[EventDate "2020.12.07"]
[EventType "swiss (rapid)"]
[EventRounds "7"]
[EventCountry "ISS"]
[SourceTitle "EXT 2022"]
[Source "ChessBase"]
[SourceDate "2021.10.06"]
[SourceVersion "1"]
[SourceVersionDate "2021.10.06"]
[SourceQuality "1"]

1. e4 e5 2. Nf3 Nc6 3. c4 Nf6 4. Nc3 Bc5 5. Nxe5 Bxf2+ 6. Kxf2 Nxe5 7. d4 Neg4+ 8. Kg1 d6 9. h3 Nh6 10. Bd3 Nhg8 11. Kh2 h6 12. Rf1 Ne7 13. Qf3 Nc6 14. Be3 Qe7 15. Nd5 Nxd5 16. exd5 Nb4 17. Bd2 Nxd3 18. Qxd3 0-0 19. Rae1 Qd7 20. Re4 f5 21. Re6 Qf7 22. Re2 Bd7 23. Qg3 Kh7 24. Rfe1 Rae8 25. Qh4 Rxe2 26. Rxe2 Re8 27. Qf2 Rxe2 28. Qxe2 Qe8 29. Qxe8 Bxe8 30. Kg3 Bf7 31. Kf4 Kg6 32. Be1 Kf6 33. h4 c6 34. dxc6 bxc6 35. b3 g5+ 36. hxg5+ hxg5+ 37. Ke3 d5 38. cxd5 f4+ 39. Kd3 Bxd5 40. g3 Kf5 41. gxf4 Kxf4 42. Ba5 g4 43. Bc7+ Kf3 44. Kc3 g3 45. Bxg3 Kxg3 46. a4 Kf4 47. b4 a6 48. b5 cxb5 49. axb5 axb5 50. Kb4 Bc6 51. Kc5 Be8 52. d5 Ke5 53. d6 Ke6 0-1

[Event "Wch FIDE Online U14 Girls Europe qual"]
[Site "Tornelo INT"]
[Date "2020.12.07"]
[Round "1"]
[White "Griksaite, Leva"]
[Black "Manko, Mariya"]
[Result "0-1"]
[WhiteElo "1581"]
[BlackElo "1830"]
[PlyCount "104"]
[EventDate "2020.12.07"]
[EventType "swiss (rapid)"]
[EventRounds "7"]
[EventCountry "ISS"]
[SourceTitle "EXT 2022"]
[Source "ChessBase"]
[SourceDate "2021.10.06"]
[SourceVersion "1"]
[SourceVersionDate "2021.10.06"]
[SourceQuality "1"]

1. e4 c5 2. Nc3 Nc6 3. Bb5 d6 4. Bxc6+ bxc6 5. d3 g6 6. f4 Bg7 7. Nf3 e6 8. 0-0 Ne7 9. Qe1 0-0 10. Ng5 h6 11. Nf3 Rb8 12. Qh4 Kh7 13. f5 exf5 14. Ng5+ Kg8 15. Nh3 fxe4 16. Bxh6 Nf5 17. Qxd8 Bd4+ 18. Kh1 Rxd8 19. Bg5 f6 20. dxe4 fxg5 21. exf5 g4 22. Nf4 Bxf5 23. Rac1 Rxb2 24. Nce2 Rxc2 25. Nxd4 cxd4 26. Rxc2 Bxc2 27. Ne6 Re8 28. Nxd4 Bd3 29. Rd1 c5 30. Nc6 c4 31. Kg1 Re2 32. Nb4 Be4 33. g3 c3 34. Rxd6 c2 35. Rd8+ Kf7 36. Nxc2 Rxc2 37. Rd7+ Ke6 38. Rxa7 Ke5 39. Re7+ Kd4 40. a4 Ke3 41. Rf7 Rg2+ 42. Kf1 Rxh2 43. Ke1 Rh1+ 44. Rf1 Rxf1+ 45. Kxf1 Bd3+ 46. Kg2 Ba6 47. a5 Ke2 48. Kg1 Kf3 49. Kh2 Kf2 50. Kh1 Kxg3 51. Kg1 Kf3 52. Kh1 Kf2 0-1

[Event "EU Union-ch U14"]
[Site "Kouty nad Desnou"]
[Date "2019.08.20"]
[Round "5"]
[White "Zumrik, Lukas"]
[Black "Griksaite, Leva"]
[Result "1-0"]
[WhiteElo "1631"]
[BlackElo "1298"]
[PlyCount "77"]
[EventDate "2019.08.16"]
[EventType "swiss"]
[EventRounds "9"]
[EventCountry "CZE"]
[SourceTitle "EXT 2020"]
[Source "ChessBase"]
[SourceDate "2019.10.17"]
[SourceVersion "1"]
[SourceVersionDate "2019.10.17"]
[SourceQuality "1"]

1. d4 f5 2. Bg5 Nf6 3. Bxf6 exf6 4. e3 Be7 5. Bd3 g6 6. h4 d5 7. h5 g5 8. Qf3 g4 9. Qg3 Bd6 10. Qh4 f4 11. c4 fxe3 12. fxe3 Qe7 13. Kd2 dxc4 14. Bxc4 Qe4 15. Nc3 Bb4 16. Nge2 Rf8 17. Bd3 Bxc3+ 18. bxc3 Qxg2 19. Bxh7 Be6 20. Bg6+ Kd8 21. Rhf1 Nd7 22. Rf2 Qc6 23. h6 Rg8 24. h7 Rh8 25. Bf5 Bxf5 26. Rxf5 Qe4 27. Raf1 Qe6 28. Nc1 Qb6 29. Nd3 Qe6 30. d5 Qa6 31. Nb4 Qa3 32. Qxg4 a5 33. Qg8+ Ke7 34. Qg7+ Kd6 35. Rxf6+ Nxf6 36. Rxf6+ Kc5 37. Qxc7+ Kb5 38. Qxb7+ Ka4 39. Qc6# 1-0

[Event "Plunge op-A 39th"]
[Site "Plateliai"]
[Date "2019.07.21"]
[Round "9"]
[White "Leclere, Daniel"]
[Black "Griksaite, Leva"]
[Result "1-0"]
[WhiteElo "1681"]
[BlackElo "1296"]
[PlyCount "45"]
[EventDate "2019.07.15"]
[EventType "swiss"]
[EventRounds "9"]
[EventCountry "LTU"]
[SourceTitle "EXT 2020"]
[Source "ChessBase"]
[SourceDate "2019.10.17"]
[SourceVersion "1"]
[SourceVersionDate "2019.10.17"]
[SourceQuality "1"]

1. e4 c6 2. d4 d5 3. exd5 cxd5 4. c4 Nf6 5. Nc3 g6 6. Nf3 Bg7 7. cxd5 Nxd5 8. Qb3 Nb6 9. Be3 0-0 10. 0-0-0 Bg4 11. Be2 N8d7 12. h3 Bxf3 13. Bxf3 Nf6 14. h4 h6 15. g4 Qc8 16. g5 hxg5 17. hxg5 Ng4 18. Rh4 Nxe3 19. fxe3 Qf5 20. Rf4 Qxg5 21. Ne4 Qd5 22. Nf6+ Bxf6 23. Bxd5 1-0

[Event "Plunge op-A 39th"]
[Site "Plateliai"]
[Date "2019.07.19"]
[Round "7"]
[White "Griksaite, Leva"]
[Black "Versekenaite, Gabija"]
[Result "1/2-1/2"]
[WhiteElo "1296"]
[BlackElo "1335"]
[PlyCount "101"]
[EventDate "2019.07.15"]
[EventType "swiss"]
[EventRounds "9"]
[EventCountry "LTU"]
[SourceTitle "CBM 191 Extra"]
[Source "ChessBase"]
[SourceDate "2019.09.30"]
[SourceVersion "1"]
[SourceVersionDate "2019.09.30"]
[SourceQuality "1"]

1. e4 e5 2. Nf3 Nc6 3. Bc4 Bc5 4. Nc3 Nf6 5. d3 d6 6. Na4 Bb4+ 7. c3 Ba5 8. b4 Bb6 9. h3 0-0 10. Bg5 h6 11. Bh4 Be6 12. Bb3 Re8 13. 0-0 Rc8 14. Nb2 a6 15. a4 a5 16. b5 Nb8 17. Nc4 Nbd7 18. Nxb6 Nxb6 19. Nd2 c6 20. c4 d5 21. Qf3 dxc4 22. Bxf6 Qxf6 23. Qxf6 gxf6 24. Nxc4 Nxc4 25. Bxc4 Bxc4 26. dxc4 cxb5 27. cxb5 Rc4 28. f3 Rd8 29. Rfd1 Rcd4 30. Rxd4 Rxd4 31. Kf2 Kf8 32. Ke3 Ke7 33. Ra3 Rd1 34. Rc3 Ra1 35. Rc7+ Ke6 36. Rxb7 Rxa4 37. Kf2 Rb4 38. b6 a4 39. Ra7 Rxb6 40. Rxa4 Rb8 41. Ra6+ Ke7 42. h4 Rg8 43. g4 Rh8 44. Kg3 Rb8 45. Ra3 Rh8 46. f4 Rd8 47. fxe5 fxe5 48. Ra7+ Kf6 49. g5+ hxg5 50. hxg5+ Kxg5 51. Rxf7 1/2-1/2

[Event "Plunge op-A 39th"]
[Site "Plateliai"]
[Date "2019.07.15"]
[Round "1"]
[White "Griksaite, Leva"]
[Black "Simkunaite, Gabija"]
[Result "0-1"]
[WhiteElo "1296"]
[BlackElo "1914"]
[PlyCount "102"]
[EventDate "2019.07.15"]
[EventType "swiss"]
[EventRounds "9"]
[EventCountry "LTU"]
[SourceTitle "CBM 191 Extra"]
[Source "ChessBase"]
[SourceDate "2019.09.30"]
[SourceVersion "1"]
[SourceVersionDate "2019.09.30"]
[SourceQuality "1"]

1. e4 c5 2. Nc3 Nc6 3. Bb5 g6 4. Bxc6 bxc6 5. f4 d6 6. Nf3 Bg7 7. d3 Nf6 8. 0-0 Rb8 9. Qe1 0-0 10. Qh4 e5 11. fxe5 dxe5 12. Nxe5 Qd4+ 13. Qf2 Qxf2+ 14. Rxf2 Ng4 15. Nxg4 Bxg4 16. h3 Be6 17. Re2 c4 18. Nd1 Rfd8 19. Bf4 Rb7 20. Rd2 Bxb2 21. Nxb2 c3 22. Na4 cxd2 23. Bxd2 Rdb8 24. Nc3 Rb2 25. Rc1 Bxa2 26. Nxa2 Rxa2 27. Bc3 c5 28. Kf2 Ra6 29. Ke3 Kf8 30. Rf1 Ke7 31. Be5 Ra8 32. Rb1 Rb6 33. Ra1 a6 34. Bc3 Rb5 35. Ba5 Ke6 36. Ra2 f5 37. Kf4 fxe4 38. Kxe4 Rb1 39. d4 Kd6 40. c4 Rd1 41. Bd2 cxd4 42. Kxd4 Kc6 43. Kc3 a5 44. Bf4 Rf1 45. Bg3 Rc1+ 46. Kd3 Rd8+ 47. Ke2 Ra8 48. Kd3 a4 49. Bf4 Rd8+ 50. Ke2 Rxc4 51. Kf3 Rf8 0-1

[Event "LTU-ch (Women)"]
[Site "Vilnius"]
[Date "2019.03.18"]
[Round "4"]
[White "Perazzo, Kamila"]
[Black "Griksaite, Leva"]
[Result "0-1"]
[WhiteElo "1035"]
[BlackElo "1294"]
[PlyCount "120"]
[EventDate "2019.03.15"]
[EventType "swiss"]
[EventRounds "7"]
[EventCountry "LTU"]
[SourceTitle "CBM 189 Extra"]
[Source "ChessBase"]
[SourceDate "2019.06.03"]
[SourceVersion "1"]
[SourceVersionDate "2019.06.03"]
[SourceQuality "1"]

1. d4 Nf6 2. c4 c5 3. d5 b5 4. Qc2 d6 5. Nf3 g6 6. g3 Bg7 7. Bg2 b4 8. 0-0 0-0 9. a3 Na6 10. Nbd2 Bd7 11. Re1 Qc7 12. e4 Ng4 13. h3 Ne5 14. Nxe5 Bxe5 15. Nf3 Bg7 16. Bd2 Rab8 17. Re3 bxa3 18. Raxa3 Rxb2 19. Qc1 Nb4 20. Rab3 Na2 21. Qxb2 Bxb2 22. Rxb2 Nb4 23. Reb3 a5 24. Ra3 Rb8 25. Bc3 e5 26. Rb1 f5 27. Ng5 h6 28. Ne6 Bxe6 29. dxe6 Re8 30. exf5 gxf5 31. Bd5 Nxd5 32. cxd5 Rb8 33. Rxb8+ Qxb8 34. Rxa5 Qb7 35. Kh2 Qxd5 36. e7 Qc6 37. Ra6 Qe8 38. Ra7 Kf7 39. Kg1 Qb8 40. Rd7 Qb1+ 41. Kh2 Qc2 42. Be1 Qe2 43. Ba5 Qxf2+ 44. Kh1 Qf3+ 45. Kh2 Ke8 46. Ra7 c4 47. Rc7 Qa3 48. Ra7 Qb2+ 49. Kh1 Qb1+ 50. Kh2 Qc2+ 51. Kg1 Qd1+ 52. Kg2 Qe2+ 53. Kh1 Qf1+ 54. Kh2 Qf2+ 55. Kh1 Qxa7 56. Bd8 c3 57. Kh2 Qf2+ 58. Kh1 c2 59. Ba5 c1Q+ 60. Be1 Qcxe1# 0-1

[Event "Plunge op-B 38th"]
[Site "Plateliai"]
[Date "2018.07.19"]
[Round "6"]
[White "Griksaite, Leva"]
[Black "Rackauskas, Karolis"]
[Result "0-1"]
[WhiteElo "1177"]
[BlackElo "1578"]
[PlyCount "110"]
[EventDate "2018.07.16"]
[EventType "swiss"]
[EventRounds "9"]
[EventCountry "LTU"]
[SourceTitle "EXT 2019"]
[Source "ChessBase"]
[SourceDate "2018.10.10"]
[SourceVersion "1"]
[SourceVersionDate "2018.10.10"]
[SourceQuality "1"]

1. e4 d5 2. exd5 Qxd5 3. Nc3 Qa5 4. d4 Nf6 5. Nf3 Nc6 6. Bc4 Bg4 7. Be2 0-0-0 8. 0-0 Bxf3 9. Bxf3 Nxd4 10. Qd3 c6 11. Ne2 Nxf3+ 12. Qxf3 e6 13. Be3 Bc5 14. Bxc5 Qxc5 15. Nc3 Rd7 16. Rad1 Rhd8 17. Rxd7 Rxd7 18. Rd1 Qh5 19. Qxh5 Nxh5 20. Kf1 Nf4 21. g3 Nd5 22. Nxd5 Rxd5 23. Rxd5 exd5 24. Ke2 Kc7 25. Kd3 Kd6 26. c4 c5 27. cxd5 Kxd5 28. f3 b5 29. h3 c4+ 30. Ke3 a5 31. h4 h5 32. g4 g6 33. Ke2 Kd4 34. Kd2 f5 35. g5 f4 36. a3 b4 37. a4 c3+ 38. bxc3+ bxc3+ 39. Kc2 Kc4 40. Kc1 Kb3 41. Kb1 Kxa4 42. Kc2 Kb4 43. Kc1 Kb3 44. Kb1 c2+ 45. Kc1 a4 46. Kd2 Kb2 47. Ke2 c1Q 48. Kd3 Qe3+ 49. Kc4 a3 50. Kb4 a2 51. Kb5 a1R 52. Kb4 Qc3+ 53. Kb5 Kc2 54. Kb6 Rb1+ 55. Ka6 Qa1# 0-1

[Event "Plunge op-B 38th"]
[Site "Plateliai"]
[Date "2018.07.19"]
[Round "5"]
[White "Koliasnikovas, Denis"]
[Black "Griksaite, Leva"]
[Result "0-1"]
[WhiteElo "1305"]
[BlackElo "1177"]
[PlyCount "66"]
[EventDate "2018.07.16"]
[EventType "swiss"]
[EventRounds "9"]
[EventCountry "LTU"]
[SourceTitle "EXT 2019"]
[Source "ChessBase"]
[SourceDate "2018.10.10"]
[SourceVersion "1"]
[SourceVersionDate "2018.10.10"]
[SourceQuality "1"]

1. e4 c6 2. d4 d5 3. e5 Bf5 4. Nf3 e6 5. Be2 c5 6. c3 Nc6 7. Na3 cxd4 8. Nxd4 Nxd4 9. Qxd4 a6 10. 0-0 Ne7 11. Qa4+ Qd7 12. Nb5 Nc6 13. Nd4 Nxd4 14. Qxd4 Be7 15. Rd1 Qc7 16. Qa4+ Qc6 17. Qxc6+ bxc6 18. c4 0-0 19. Be3 a5 20. Rac1 Rfb8 21. b3 Ba3 22. Rc3 Bb2 23. Bd2 Bxc3 24. Bxc3 a4 25. b4 dxc4 26. Bxc4 Rd8 27. Rd6 Rxd6 28. exd6 Rd8 29. b5 cxb5 30. Bxb5 Rxd6 31. Bxa4 f6 32. Bb3 Kf7 33. a4 Rd3 0-1